000 01590cam a22003737a 4500
003 CHAP
005 20220817043620.0
008 000208d1998 cr ab r 00010 spa d
010 _a79817
011 _a80789
035 _a91243
040 _cCHAP
090 _aFolleto 15739
100 0 0 _aMedina Castro, Héctor.
_973937
245 0 _aPrioridades de investigación agropecuaria en America Latina y el Caribe :
_bcinco años de experiencia conjunta IICA-BID
_c/por Héactor Medina Castro
260 _aSan José de Costa Rica :
_bInstituto Interamericano de Cooperacilón para la Agricultura,
_c1998.
300 _a51 p. :
_bilus. , gráfs., mapas
410 _aInstituto Interamericano de Cooperación para la Agricultura
490 0 _aPriorización de la investigación agropecuaria en America Latina y el Caribe
_v; 1
590 _aBATCH-UPD
_b10
_c20130110
_lUCH01
_h0318
590 _aBATCH-UPD
_b10
_c20130110
_lUCH01
_h1926
590 _aBATCH-UPD
_b10
_c20130409
_lUCH01
_h2351
590 _aBATCH-UPD
_b10
_c20130410
_lUCH01
_h1547
590 _aBATCH-UPD
_b10
_c20130913
_lUCH01
_h2113
590 _aCONVERSION
_b10
_c20130109
_lUCH01
_h1344
650 1 4 _aAgricultura
_xInvestigación
_xAmérica Latina.
_91580
650 1 4 _aAgricultura
_xInvestigación
_zCaribe.
_91698
810 _aInstituto Interamericano de Cooperación para la Agricultura
830 0 0 _aPriorización de la investigación agropecuaria en America Latina y el Caribe
_v; 1
_991667
901 _aBK
905 _aBlanca M. García O.
942 _cFOLL
949 _aFolleto 15739
_bBC
_cFOLL
_d912431
_eTS1
_i91243
_sb
999 _c79817
_d79817